Education in emerging India / (Record no. 89721)

MARC details
000 -LEADER
fixed length control field 00728nam a22002177a 4500
005 - DATE AND TIME OF LATEST TRANSACTION
control field 20141029151934.0
010 ## - LCCN (DPL NO)
LC control number B-535610-619
020 ## - INTERNATIONAL STANDARD BOOK NUMBER
International Standard Book Number 9788175413771
Terms of availability 220.00
035 ## - SYSTEM CONTROL NUMBER
System control number B-535610-619
037 ## - SOURCE OF ACQUISITION
Source of stock number/acquisition UBH/Ven
082 ## - DEWEY DECIMAL CLASSIFICATION NUMBER
Classification number 370.954
100 ## - MAIN ENTRY--PERSONAL NAME
Personal name Gupta S.
245 ## - TITLE STATEMENT
Title Education in emerging India /
Statement of responsibility, etc by S.Gupta
250 ## - EDITION STATEMENT
Edition statement 2nd ed.
260 ## - PUBLICATION, DISTRIBUTION, ETC. (IMPRINT)
Place of publication, distribution, etc Delhi
Name of publisher, distributor, etc Shipra Publications
Date of publication, distribution, etc 2011
270 ## - ADDRESS
Address LG-18-19, Pankaj Central Market, Patparganj, I.P.Ext.
City Delhi
Postal code 110092
300 ## - PHYSICAL DESCRIPTION
Extent vi,264p.
Dimensions 23cm(Hb)
500 ## - GENERAL NOTE
General note Includes bibliographical references and index
942 ## - ADDED ENTRY ELEMENTS (KOHA)
Source of classification or shelving scheme Dewey Decimal Classification
Item type English Books
Classification part 370.954
Call number suffix GUP
Holdings
Withdrawn status Lost status Not for loan Collection code Home library Current library Date acquired Source of acquisition Cost, normal purchase price Full call number Barcode Copy number Cost, replacement price Koha item type
      Non-fiction Central Library Central Library 29/10/2014 UBH/315/28.03.2014/148/25.03.2014/29.03.2014 220.00 370.954 GUP B-535610 1 220.00 English Books
      Non-fiction Janak Puri Janak Puri 29/10/2014 UBH/315/28.03.2014/148/25.03.2014/29.03.2014 220.00 370.954 GUP B-535612 1 220.00 English Books
      Non-fiction Karol Bagh Karol Bagh 29/10/2014 UBH/315/28.03.2014/148/25.03.2014/29.03.2014 220.00 370.954 GUP B-535616 1 220.00 English Books
      Non-fiction Narela Narela 29/10/2014 UBH/315/28.03.2014/148/25.03.2014/29.03.2014 220.00 370.954 GUP B-535618 1 220.00 English Books
Written off Written-off vide DLB M. No. 388 dt 23.02.22   Non-fiction New Rohtak Road New Rohtak Road 29/10/2014 UBH/315/28.03.2014/148/25.03.2014/29.03.2014 220.00 370.954 GUP B-535617 1 220.00 English Books
      Non-fiction Patel Nagar Patel Nagar 29/10/2014 UBH/315/28.03.2014/148/25.03.2014/29.03.2014 220.00 370.954 GUP B-535611 1 220.00 English Books
      Non-fiction R.K.Puram-8 R.K.Puram-8 29/10/2014 UBH/315/28.03.2014/148/25.03.2014/29.03.2014 220.00 370.954 GUP B-535614 1 220.00 English Books
      Non-fiction Sarojini Nagar Sarojini Nagar 29/10/2014 UBH/315/28.03.2014/148/25.03.2014/29.03.2014 220.00 370.954 GUP B-535613 1 220.00 English Books
      Non-fiction Shahdara Branch Shahdara Branch 29/10/2014 UBH/315/28.03.2014/148/25.03.2014/29.03.2014 220.00 370.954 GUP B-535619 1 220.00 English Books
      Non-fiction Vinoba Puri Vinoba Puri 29/10/2014 UBH/315/28.03.2014/148/25.03.2014/29.03.2014 220.00 370.954 GUP B-535615 1 220.00 English Books

© Delhi Public Library
Hit Counter
free hit counter